000 00669nam a22001937a 4500
005 20251108174640.0
008 250721s2006 xx 000 0 ara d
082 1 4 _aط/663.9/سري
100 1 _aسرينييه، كاترين دي
245 1 0 _aالشيكولاتة الشاي .. القهوة /
264 1 _aالجزائر :
_bمنشورات الشهاب،
_c2006.
650 1 7 _aالمشروبات غير الكحوليه
650 1 7 _aالكاكاو
650 1 7 _aالتصنيع الغذااي
653 _aاطفال مرحله متوسطه (6-9)سنوات
700 1 _aتادرس، أريت فايز
_eمترجم
942 _2ddc
_cBK
999 _c114464
_d114464